[Event "BRA-ch sf"]
[Site "Vitoria"]
[Date "2003.09.05"]
[Round "2"]
[White "Coradini, Fabio SR"]
[Black "Da Costa, Anderson Matos"]
[Result "0-1"]
[WhiteElo "1800"]
[BlackElo "1816"]
[PlyCount "26"]
[EventDate "2003.09.??"]
[EventType "swiss"]
[EventRounds "7"]
[EventCountry "BRA"]
[SourceTitle "EXT 2006"]
[Source "ChessBase"]
[SourceDate "2005.11.24"]
[SourceVersion "1"]
[SourceVersionDate "2005.11.24"]
[SourceQuality "1"]

1. d4 Nf6 2. Nc3 d5 3. Bg5 e6 4. e4 dxe4 5. Nxe4 Nbd7 6. Bb5 c6 7. Ba4 Qa5+ 8. Nc3 Qxg5 9. Qf3 Bb4 10. Nh3 Qa5 11. 0-0 Bxc3 12. b4 Qxb4 13. Rab1 Qxa4 0-1